000 00867nam a2200229 i 4500
001 17679
003 ES-MaACL
005 20250902114314.0
007 t|
008 010425s1988 cl ||||1| spa d
080 _a343(4)"17"
100 1 _aRivacoba y Rivacoba, Manuel de.
_997535
245 1 3 _aLa reforma penal de la Ilustración /
_cManuel de Rivacoba y Rivacoba.
260 _aValparaíso :
_bSociedad Chilena de Filosofía Jurídica y Social,
_c[1988]
300 _a35 p. ;
_c21 cm.
595 _aTirada aparte del vol. Teoría general del derecho, lógica e informática jurídicas (Anuario de filosofía jurídica y social, 5, 1987)
650 1 7 _aDerecho penal
_2embne
_911749
650 0 0 _aIlustración.
_913583
710 2 _aSociedad Chilena de Filosofía Jurídica y Social
_96651
852 _aES-MaACL
_j2163-F-8
999 _c17679
_d17679